|
|
|
|
| LEADER |
00000cam a22000004a 4500 |
| 001 |
musev2_65495 |
| 003 |
MdBmJHUP |
| 005 |
20230905050737.0 |
| 006 |
m o d |
| 007 |
cr||||||||nn|n |
| 008 |
100810s1975 onc o 00 0 eng d |
| 020 |
|
|
|a 9781772821888
|
| 020 |
|
|
|z 1772821888
|
| 035 |
|
|
|a (OCoLC)1132671608
|
| 040 |
|
|
|a MdBmJHUP
|c MdBmJHUP
|
| 041 |
0 |
|
|a eng
|b fre
|
| 100 |
1 |
|
|a Clifton, James A.
|
| 245 |
1 |
2 |
|a Place of refuge for all time :
|b Migration of the American Potawatomi into Upper Canada, 1830 to 1850 /
|c James A. Clifton.
|
| 264 |
|
1 |
|a Ottawa :
|b National Museums of Canada,
|c 1975.
|
| 264 |
|
3 |
|a Baltimore, Md. :
|b Project MUSE,
|c 2020
|
| 264 |
|
4 |
|c ©1975.
|
| 300 |
|
|
|a 1 online resource (153 pages):
|b illustrations
|
| 336 |
|
|
|a text
|b txt
|2 rdacontent
|
| 337 |
|
|
|a computer
|b c
|2 rdamedia
|
| 338 |
|
|
|a online resource
|b cr
|2 rdacarrier
|
| 490 |
0 |
|
|a Mercury series
|
| 490 |
0 |
|
|a Paper - Canadian Ethnology Service ;
|v no. 26
|
| 520 |
|
|
|a A study of the movement of a large portion of the Potawatomi Indian tribe from the U.S. to Upper Canada from 1830-50.
|
| 588 |
|
|
|a Description based on print version record.
|
| 650 |
|
7 |
|a Potawatomi Indians
|x Social life and customs.
|2 fast
|0 (OCoLC)fst01073480
|
| 650 |
|
7 |
|a Potawatomi Indians.
|2 fast
|0 (OCoLC)fst01073469
|
| 650 |
|
6 |
|a Potawatomi (Indiens)
|x Moeurs et coutumes.
|
| 650 |
|
6 |
|a Potawatomi (Indiens)
|x Histoire.
|
| 650 |
|
0 |
|a Potawatomi Indians
|x Social life and customs.
|
| 650 |
|
0 |
|a Potawatomi Indians
|x History.
|
| 655 |
|
7 |
|a History.
|2 fast
|0 (OCoLC)fst01411628
|
| 655 |
|
7 |
|a Electronic books.
|2 local
|
| 710 |
2 |
|
|a Project Muse.
|e distributor
|
| 830 |
|
0 |
|a Book collections on Project MUSE.
|
| 856 |
4 |
0 |
|z Texto completo
|u https://projectmuse.uam.elogim.com/book/65495/
|
| 945 |
|
|
|a Project MUSE - Custom Collection
|
| 945 |
|
|
|a Project MUSE - Archive Complete Supplement VIII
|
| 945 |
|
|
|a Project MUSE - Archive History Supplement VIII
|
| 945 |
|
|
|a Project MUSE - Archive Native American and Indigenous Studies Supplement VII
|